00357nam a2200121 a 450000100100000000500170001000800410002704000250006810000150009324500620010826000300017030000350020000002674520200930030404.0110325s1936 fr ac 000 | fre d aDO-SdBNPbspacBNPHU1 aMarion, G.10aNotes de voyage en République Dominicaine /cG. Marion. aParís :bMasson,c1936. a68 p. :bil., retrs. ;c21 cm.